000 01832nam a2200409 i 4500
001 193118
003 SpMaBN
005 20250711181205.0
007 ta
008 230821s2019 sp a | |||| 000 0 spa
017 _aCA 141-2019
_bOficina Depósito Legal Cádiz
020 _a9788409087464
035 _a(OCoLC)1192397088
035 _aa6619128
040 _aSpMaBN
_bspa
_cSpMaBN
_erda
080 _a325.456(460)(091)
080 _a94(460.355.2)"17"
245 0 3 _aEl Ateneo en el tricentenario del traslado de la Casa de Contratación (1717-2017) :
_cidea original y coordinación, José Ramón Pérez Díaz-Alersi ; colaboradores, Ignacio Moreno Aparicio [y otros veintiocho] ; ilustraciones y fotografías, José Manuel Vera Borja [y otros nueve]
264 1 _aCádiz :
_bAteneo Literario, Artístico y Científico de Cádiz,
_c[2019]
300 _a327 páginas :
_bfotografías (color), ilustraciones (color) ;
_c31 cm
336 _aTexto
_2rdacontent
337 _asin mediación
_2rdamedia
338 _avolumen
_2rdacarrier
500 _aCatalogación provisional. Signatura: N 8602. Depósito J.
610 2 7 _aCasa de Contratación (España)-
_vHistoria
_9158553
_xHistoria
651 0 _aCádiz-
_xHistoria-
_yS.XVIII
_9233974
700 1 _aPérez Díaz-Alersi, José Ramón
_9233975
700 1 _aMoreno Aparicio, Ignacio
_9233976
700 1 _aVera Borja, José Manuel
_9233977
710 2 _aAteneo Literario, Artístico y Científico de Cádiz
_9148715
852 _aES-MaACL
_9200431
_bR.152921
_jN-8602
_cDEPOJ
_xCartoné
_hDonación: Editorial
_zEn proceso
942 _n0
_cMONOGRAFIA
999 _c193118
_d193118